000 00273 a2200109 4500
001 75200
005 20251212151042.0
090 _a75200
100 _a20251212 pory50
200 _aGaspar Ruiz e um par de outras histórias
_fJoseph Conrad
210 _cMinotauro
_d2025
942 _cMON